| 000 | 00817cam a2200301 i 4500 | ||
|---|---|---|---|
| 001 | 0000529 | ||
| 003 | DO-SdBNP | ||
| 005 | 20180205112531.0 | ||
| 007 | 0000529 | ||
| 008 | 100514s 1988 sp | |||| 000 f spa | ||
| 015 | _a | ||
| 017 |
_a _b |
||
| 020 | _a8435601323 (obra completa) | ||
| 020 | _a8435601293 (v. 4) | ||
| 035 | _a | ||
| 040 |
_aBPMSU _bspa _cBPMSU _e |
||
| 080 | _a | ||
| 100 | 1 |
_aVerne, Julio, _d1828-1905 |
|
| 245 | 1 | 0 |
_a20,000 leguas de viaje submarino / _cJulio Verne _h |
| 246 | 1 | _aVeinte mil leguas de viaje submarino. | |
| 260 |
_aBarcelona : _bRoma, _c[1988]. |
||
| 300 |
_a114 p.: _bil. _c19 m |
||
| 490 | 1 |
_aBiblioteca juvenil Albor _v4 |
|
| 830 | 0 |
_aBiblioteca juvenil Albor _n4 |
|
| 942 |
_2ddc _cBK |
||
| 945 | _aInventarioado, 2018 /LP | ||
| 956 |
_aYLOCKWARD _810 _cBPMSU |
||
| 999 |
_c10849 _d10849 |
||